000 00288nam a22001337a 4500
008 180310b xxu||||| |||| 00| 0 eng d
020 _a9781464133022
041 _aeng
080 _a510
100 _a36
101 _aMAT
245 _aCalculus 113/ 114
_cRogawski, J
942 _2udc
_cBK
999 _c44659
_d44659